00946nam a22002417a 45000010005000000030006000050050017000110080041000280200018000690400029000870500009001160820008001251000019001332450099001522600036002513000048002875050007003355200232003425210019005745210018005936500058006117000035006697041FISKH20250818160727.0250619b cb ||||| |||| 00| 0 eng d a9781848174702 aFISKHbengcFISKHdFISKH aPZ7  a612 aNeale, Kirsty  aHuman body : bMini explorers / cWritten by : Kirsty Neale ; Illustrated by : Rogers Stewart  aSywell : bIgloo Book, c2009.  a23 pages : bcolor illustrations ; c18 cm  aG  aHuman Body: Fact and Sticker Fun is an engaging and interactive nonfiction activity book designed for young readers (ages 5–7). It introduces children to the amazing systems and parts of the human body in a fun, hands-on way.8 a340 bLexile 8 aG bRaz-Plus  aHuman Body vAnatomy & Physiology xInteractive Kit aStewart, Rogers eillustrator